000 00624nam a22001697a 4500
005 20251108165439.0
008 250721s1993 xx 000 0 ara d
082 1 4 _aم/215.03/عبد
100 1 _aالحفني، عبد المنعم
245 1 0 _aموسوعة الفرق و الجماعات و المذاهب الإسلامية :
_bرصد مذهبي لكل الطوائف /
264 1 _aالقاهره :
_bدار الرشاد للطباعه و النشر والتوزيع،
_c1993.
300 _a439ص
650 1 7 _aالفرق الإسلامية
650 1 7 _aالموسوعات
942 _2ddc
_cREF
999 _c28147
_d28147